000 00448nam a2200169Ia 4500
008 220216s9999 xx 000 0 und d
100 _aBuding H
245 0 _aIn provements of the heat stability of vulcanizates
260 _bKautschuk Gummi Kunststoffe
_c2002
300 _a642-645
650 _aBiofunctional crosslinker
650 _aReversion
650 _aVulcanisation
700 _aJeske W
700 _aWeidenhaupt H-J
942 _cJS
999 _c60925
_d60925